<?xml version="1.0" encoding="UTF-8"?>
<record
    xmlns:xsi="http://www.w3.org/2001/XMLSchema-instance"
    xsi:schemaLocation="http://www.loc.gov/MARC21/slim http://www.loc.gov/standards/marcxml/schema/MARC21slim.xsd"
    xmlns="http://www.loc.gov/MARC21/slim">

  <leader>00949cam a2200253 a 4500</leader>
  <controlfield tag="001">TB12349</controlfield>
  <controlfield tag="003">IN-BhIIT</controlfield>
  <controlfield tag="005">20250818133633.0</controlfield>
  <controlfield tag="008">890804s1990    njua     b    001 0 eng  </controlfield>
  <datafield tag="020" ind1=" " ind2=" ">
    <subfield code="a">9789353430061 (pbk.)</subfield>
  </datafield>
  <datafield tag="040" ind1=" " ind2=" ">
    <subfield code="a">IN-BhIIT</subfield>
  </datafield>
  <datafield tag="041" ind1=" " ind2=" ">
    <subfield code="a">eng</subfield>
  </datafield>
  <datafield tag="082" ind1="0" ind2="0">
    <subfield code="a">537.622</subfield>
    <subfield code="b">SHU/P</subfield>
  </datafield>
  <datafield tag="100" ind1="1" ind2=" ">
    <subfield code="a">Shur, Michael.</subfield>
    <subfield code="e">Author</subfield>
    <subfield code="9">25945</subfield>
  </datafield>
  <datafield tag="245" ind1="1" ind2="0">
    <subfield code="a">Physics of semiconductor devices /</subfield>
    <subfield code="c">by Michael Shur.</subfield>
  </datafield>
  <datafield tag="260" ind1=" " ind2=" ">
    <subfield code="a">Noida :</subfield>
    <subfield code="b">Prentice Hall,</subfield>
    <subfield code="c">2019.</subfield>
  </datafield>
  <datafield tag="300" ind1=" " ind2=" ">
    <subfield code="a">xxiii, 640 p. :</subfield>
    <subfield code="b">ill. ;</subfield>
    <subfield code="c">25 cm. </subfield>
  </datafield>
  <datafield tag="500" ind1=" " ind2=" ">
    <subfield code="a">System requirements for computer disk (PLOTF software, version 3.00): IBM PC, PC/XT, or PC/AT; minimum 64K RAM; PC-DOS, BASICA; single or double-sided disk drive; color graphics adapter.</subfield>
  </datafield>
  <datafield tag="504" ind1=" " ind2=" ">
    <subfield code="a">Includes bibliographical references and index.</subfield>
  </datafield>
  <datafield tag="650" ind1=" " ind2="0">
    <subfield code="a">Semiconductors.</subfield>
    <subfield code="9">25991</subfield>
  </datafield>
  <datafield tag="650" ind1=" " ind2="0">
    <subfield code="a">Junction transistors.</subfield>
    <subfield code="9">25946</subfield>
  </datafield>
  <datafield tag="650" ind1=" " ind2="0">
    <subfield code="a">Metal-oxide semiconductor field-effect transistors.</subfield>
    <subfield code="9">25947</subfield>
  </datafield>
  <datafield tag="942" ind1=" " ind2=" ">
    <subfield code="c">TB</subfield>
    <subfield code="0">2</subfield>
  </datafield>
  <datafield tag="999" ind1=" " ind2=" ">
    <subfield code="c">14851</subfield>
    <subfield code="d">14851</subfield>
  </datafield>
  <datafield tag="952" ind1=" " ind2=" ">
    <subfield code="0">0</subfield>
    <subfield code="1">0</subfield>
    <subfield code="2">ddc</subfield>
    <subfield code="4">0</subfield>
    <subfield code="7">0</subfield>
    <subfield code="8">SBS</subfield>
    <subfield code="a">CLIITBBS</subfield>
    <subfield code="b">CLIITBBS</subfield>
    <subfield code="d">2025-02-21</subfield>
    <subfield code="e">46</subfield>
    <subfield code="g">663.75</subfield>
    <subfield code="l">0</subfield>
    <subfield code="p">TB12353</subfield>
    <subfield code="r">2025-02-21 00:00:00</subfield>
    <subfield code="v">885.00</subfield>
    <subfield code="w">2025-02-21</subfield>
    <subfield code="y">TB</subfield>
  </datafield>
  <datafield tag="952" ind1=" " ind2=" ">
    <subfield code="0">0</subfield>
    <subfield code="1">0</subfield>
    <subfield code="2">ddc</subfield>
    <subfield code="4">0</subfield>
    <subfield code="7">0</subfield>
    <subfield code="8">SBS</subfield>
    <subfield code="a">CLIITBBS</subfield>
    <subfield code="b">CLIITBBS</subfield>
    <subfield code="d">2025-02-21</subfield>
    <subfield code="e">46</subfield>
    <subfield code="g">663.75</subfield>
    <subfield code="l">0</subfield>
    <subfield code="p">TB12351</subfield>
    <subfield code="r">2025-02-21 00:00:00</subfield>
    <subfield code="v">885.00</subfield>
    <subfield code="w">2025-02-21</subfield>
    <subfield code="y">TB</subfield>
  </datafield>
  <datafield tag="952" ind1=" " ind2=" ">
    <subfield code="0">0</subfield>
    <subfield code="1">0</subfield>
    <subfield code="2">ddc</subfield>
    <subfield code="4">0</subfield>
    <subfield code="7">0</subfield>
    <subfield code="8">SBS</subfield>
    <subfield code="a">CLIITBBS</subfield>
    <subfield code="b">CLIITBBS</subfield>
    <subfield code="d">2025-02-21</subfield>
    <subfield code="e">46</subfield>
    <subfield code="g">663.75</subfield>
    <subfield code="l">0</subfield>
    <subfield code="p">TB12350</subfield>
    <subfield code="r">2025-02-21 00:00:00</subfield>
    <subfield code="v">885.00</subfield>
    <subfield code="w">2025-02-21</subfield>
    <subfield code="y">TB</subfield>
  </datafield>
  <datafield tag="952" ind1=" " ind2=" ">
    <subfield code="0">0</subfield>
    <subfield code="1">0</subfield>
    <subfield code="2">ddc</subfield>
    <subfield code="4">0</subfield>
    <subfield code="7">0</subfield>
    <subfield code="8">SBS</subfield>
    <subfield code="a">CLIITBBS</subfield>
    <subfield code="b">CLIITBBS</subfield>
    <subfield code="d">2025-02-21</subfield>
    <subfield code="e">46</subfield>
    <subfield code="g">663.75</subfield>
    <subfield code="l">2</subfield>
    <subfield code="m">2</subfield>
    <subfield code="p">TB12352</subfield>
    <subfield code="r">2026-01-09 17:16:36</subfield>
    <subfield code="s">2025-08-18</subfield>
    <subfield code="v">885.00</subfield>
    <subfield code="w">2025-02-21</subfield>
    <subfield code="y">TB</subfield>
  </datafield>
  <datafield tag="952" ind1=" " ind2=" ">
    <subfield code="0">0</subfield>
    <subfield code="1">0</subfield>
    <subfield code="2">ddc</subfield>
    <subfield code="4">0</subfield>
    <subfield code="7">0</subfield>
    <subfield code="8">SBS</subfield>
    <subfield code="a">CLIITBBS</subfield>
    <subfield code="b">CLIITBBS</subfield>
    <subfield code="d">2025-02-21</subfield>
    <subfield code="e">46</subfield>
    <subfield code="g">663.75</subfield>
    <subfield code="l">0</subfield>
    <subfield code="o">537.622 SHU/P</subfield>
    <subfield code="p">TB12349</subfield>
    <subfield code="r">2025-02-21 00:00:00</subfield>
    <subfield code="v">885.00</subfield>
    <subfield code="w">2025-02-21</subfield>
    <subfield code="y">RES</subfield>
  </datafield>
</record>
